Normal view
MARC view
- J.O'Leary, Timothy
Entry Personal Name
001 - CONTROL NUMBER
- control field: 113095
003 - CONTROL NUMBER IDENTIFIER
- control field: NUST
005 - DATE AND TIME OF LATEST TRANSACTION
- control field: 20230608125131.0
008 - FIXED-LENGTH DATA ELEMENTS
- fixed length control field: 230608|| aca||aabn | a|a d
040 ## - CATALOGING SOURCE
- Original cataloging agency: NUST
- Transcribing agency: NUST
100 ## - HEADING--PERSONAL NAME
- Personal name: J.O'Leary, Timothy
670 ## - SOURCE DATA FOUND
- Source citation: Work cat.: (NUST)180164: J.O'Leary, Timothy, Microsoft Access 7.0 a for Windows 95 /, 1996
